| 000 | 00871nam a2200253Ia 4500 | ||
|---|---|---|---|
| 003 | OSt | ||
| 005 | 20221005112758.0 | ||
| 006 | a|||||r|||| 00| 0 | ||
| 007 | ta | ||
| 008 | 221004b |||||||| |||| 00| 0 pan d | ||
| 020 |
_a9788182992078 _c275 |
||
| 024 | _a116909 | ||
| 037 |
_b572, 03/02/2012, H.K. Prakashan _cTextual |
||
| 040 |
_aCRL _cCRL _bpan |
||
| 041 |
_2pan _apan |
||
| 082 | _aO153,3NSIx, Q1 | ||
| 100 | _aਸਿੱਧੂ, ਪਰਗਟ ਸਿੰਘ | ||
| 245 | 0 | _aਘਰਾਂ ੱ ਪਰਤਣ ਦਾ ਸਮਾਂ | |
| 260 |
_aਦਿੱਲੀ _bਆਰਸੀ ਪਬਲਿਰਗ਼ ਭਾਰਤ _c2011 |
||
| 300 |
_a214ਪੰ _ccm. |
||
| 650 | _aਪੰਜਾਬੀ ਸਾਹਿਤ | ||
| 942 |
_hO153,3NSIx, Q1 _cTEXL _2cc |
||
| 999 |
_c1025934 _d1025934 |
||